| 000 | 00651nam a2200193 i 4500 | ||
|---|---|---|---|
| 001 | 49338 | ||
| 003 | ES-MaACL | ||
| 005 | 20230906161929.0 | ||
| 007 | t| | ||
| 008 | 030714s1922 sp ||||1| spa d | ||
| 100 | 1 |
_aCortezo, Carlos María. _940920 |
|
| 245 | 1 | 0 |
_aCajal : _bsu personalidad, su obra, su escuela / _cpor Carlos Mª Cortezo. |
| 260 |
_aMadrid : _b[s.n.], _c1922 ( _fSuc. de Enrique Teodoro) |
||
| 300 |
_a250 p., 1 lám. : _bil. ; _c22 cm. |
||
| 599 | _aLám.: retr. de Santiago Ramón y Cajal. | ||
| 600 | 1 | 4 |
_aRamón y Cajal, Santiago, _d1852-1934- _xBiografías _995228 |
| 852 |
_aES-MaACL _jB-11423 |
||
| 999 |
_c49338 _d49338 |
||